000
00203nam a2200073Ia 4500
008
170524s9999 xx 000 0 und d
100
_a
DESI- VASANT
245
0
_a
SMALL-SCALE INDUSTRIES AND ENTEREPRENERSHIP
260
_b
HIMALYA PUB. HOUSE
999
_c
8324
_d
8324